000 01288nam0a22002651 4500
001 v19\rc\1272686
005 20250618004608.0
035 _a(NLR Aleph) 004424590
090 _a4183125
_c4183125
100 _a20060306d1896 |||y0rusy50 ca
101 0 _arus
102 _aRU
105 _ay i |||||
200 1 _aСтатистическое описание, лесохозяйственный план и оценка имения "Самачало-Саломе", принадлежащего князю Роману Егоровичу Джавахову
_eГуб. Тифлисская. Уезд Горийский
_eСост. в 1895 г.
210 _aТифлис
_cтип. Канц. главнонач. гражд. частию на Кавказе
_d1896
215 _a24 с.
300 _aВ конце текста авт.: князь Р.Е. Джавахов
517 0 _aЛесохозяйственный план
517 0 _aОценка имения "Самачало-Саломе", принадлежащего князю Роману Егоровичу Джавахову
700 1 _aДжавахов
_bР.Е.
_gРоман Егорович
801 0 _aRU
_bNLR
_gpsbo
801 1 _aRU
_bProSoft-M
_2rusmarc
852 _aNLR
_j18.181.1.342
942 _cBOOK
980 _aNB